000 00465nam a2200169 i 4500
001 bg
100 1 _aBOLTER, J. David
245 0 _aCzłowiek Turinga :
_bkultura Zachodu w wieku komputera /
_cJ. David Bolter.
260 _aWarszawa,
_c1990.
490 1 _aBiblioteka Myśli Współczesnej
830 _aBiblioteka Myśli Współczesnej
040 _cBPK
041 _apol
080 _a681.322:008
942 _cKS
008 s pl f |000 0 pol
999 _c29236
_d29236
856 _uhttp://koha.tu.koszalin.pl/cgi-bin/koha/opac-detail.pl?biblionumber=29236
_yKatalog online BPK